Your space 4 : pracovní sešit 3 v 1 : angličtina pro základní školy a víceletá gymnázia /

Hlavní autor: Hobbs, Martyn
Další autoři: Keddle, Julia Starr, Holková, Martina, Betáková, Lucie, 1968-
Jazyk: Angličtina
Čeština
Vydáno: Plzeň : Fraus, 2016
Vydání: 2. vydání
Edice: Škola s nadhledem
Témata:
Fyzický popis: 72 stran : ilustrace ; 30 cm
Knihy
Uloženo v:
LEADER 02577nam a2200661 i 4500
001 nkc20193102076
003 CZ PrNK
005 20190904070034.0
007 ta
008 190611s2016 xr a c p 000 0 eng
015 |a cnb003102076 
020 |a 978-80-7489-524-1  |q (brožováno) 
035 |a (OCoLC)1119040295 
040 |a OLA001  |b cze  |d ABA001  |e rda 
041 0 |a eng  |a cze 
072 7 |a 811.111  |x Angličtina  |2 Konspekt  |9 11 
072 7 |a 37.016  |x Učební osnovy. Vyučovací předměty. Učebnice  |2 Konspekt  |9 22 
080 |a 811.111  |2 MRF 
080 |a (075.2)  |2 MRF 
080 |a (075.3)  |2 MRF 
080 |a (076.1)  |2 MRF 
080 |a (07.062)81  |2 MRF 
100 1 |a Hobbs, Martyn  |7 xx0064250  |4 aut 
245 1 0 |a Your space 4 :  |b pracovní sešit 3 v 1 : angličtina pro základní školy a víceletá gymnázia /  |c Martyn Hobbs, Julia Starr Keddle, Martina Holková, Lucie Betáková 
246 3 |a Angličtina 4 pro základní školy a víceletá gymnázia 
246 3 0 |a Angličtina pro základní školy a víceletá gymnázia 
250 |a 2. vydání 
264 1 |a Plzeň :  |b Fraus,  |c 2016 
300 |a 72 stran :  |b ilustrace ;  |c 30 cm 
336 |a text  |b txt  |2 rdacontent 
337 |a bez média  |b n  |2 rdamedia 
338 |a svazek  |b nc  |2 rdacarrier 
490 1 |a Škola s nadhledem 
500 |a Obálkový podnázev: pracovní sešit 3 v 1 : online cvičení + audio 
500 |a Na obálce nad názvem: Cambridge 
500 |a Pracovní sešit lze použít k různým vydáním učebnice 
504 |a Obsahuje bibliografii 
521 8 |a Jazyková úroveň A2+ 
650 0 7 |a angličtina  |7 ph114056  |2 czenas 
650 0 9 |a English language  |2 eczenas 
653 0 |a jazyková úroveň A2 
655 7 |a učebnice základních škol  |7 fd133773  |2 czenas 
655 7 |a učebnice středních škol  |7 fd133771  |2 czenas 
655 7 |a pracovní sešity  |7 fd133116  |2 czenas 
655 7 |a jazykové učebnice, texty, příručky (A)  |7 fd600889  |2 czenas 
655 9 |a textbooks (elementary)  |2 eczenas 
655 9 |a textbooks (secondary)  |2 eczenas 
655 9 |a activity books  |2 eczenas 
655 9 |a language textbooks, texts, handbooks (A)  |2 eczenas 
700 1 |a Keddle, Julia Starr  |7 xx0064251  |4 aut 
700 1 |a Holková, Martina  |7 mzk2011662238  |4 aut 
700 1 |a Betáková, Lucie,  |d 1968-  |7 mzk2005300706  |4 aut 
830 0 |a Škola s nadhledem  |0 s 
910 2 |a BOA001  |b 4-1431.630 
990 |a BK 
995 |a 01 
991 |b 201909  |c NOV 
996 6 |b 2610789694  |c 4-1431.630  |l MZK  |r Sklad / do 1 hodiny  |n 2  |p p.v.  |w 001743658  |u 000010  |a 1  |e BOA001  |j MZK50  |s P